Samanya thatvangalum vishesha Vyulpadanavum / (Record no. 4888)
[ view plain ]
| 000 -LEADER | |
|---|---|
| fixed length control field | 00311cam a2200133ua 4500 |
| 041 ## - LANGUAGE CODE | |
| Language code of text/sound track or separate title | mal |
| 082 ## - DEWEY DECIMAL CLASSIFICATION NUMBER | |
| Classification number | 103 |
| Item number | MOL/SA |
| 100 ## - MAIN ENTRY--AUTHOR NAME | |
| Personal name | Moleire, . |
| 245 ## - TITLE STATEMENT | |
| Title | Samanya thatvangalum vishesha Vyulpadanavum / |
| 300 ## - PHYSICAL DESCRIPTION | |
| Number of Pages | 448 ; . |
| 942 ## - ADDED ENTRY ELEMENTS (KOHA) | |
| Koha item type | Books |
| Withdrawn status | Lost status | Damaged status | Home library | Current library | Date acquired | Full call number | Accession Number | Koha item type | Public note |
|---|---|---|---|---|---|---|---|---|---|
| Withdrawn | KAUAET | KAUAET | 07/04/2012 | 103 | 9329 | Books | Deleted |
